|
|
|
|
| LEADER |
00000nas a22000007a 4500 |
| 001 |
ssj0005107 |
| 003 |
WaSeSS |
| 005 |
20200512172242.0 |
| 006 |
m d |
| 007 |
cr n |
| 008 |
991112c19969999cauqr p s 0 a0eng |
| 010 |
|
|
|a 2012200634
|
| 022 |
|
|
|a 2169-3420
|y 1086-1653
|
| 035 |
|
|
|a (WaSeSS)ssj0005107
|
| 037 |
|
|
|b The Independent Institute, 134 98th Ave., Oakland, CA 94603-1004
|
| 037 |
|
|
|a 22573/ctt18bzpmz
|b JSTOR
|
| 040 |
|
|
|a UV$
|b eng
|c UV$
|d AAA
|d UV$
|d OCLCQ
|d AU@
|d OCLCQ
|d DLC
|d OCLCQ
|d OCLCO
|d OCLCQ
|d OCLCF
|d OCLCO
|d VT2
|d TEF
|d OCLCQ
|d UUM
|d WaSeSS
|
| 042 |
|
|
|a pcc
|a nsdp
|
| 050 |
|
4 |
|a H1
|b .I36
|
| 082 |
0 |
0 |
|a 300/.5
|2 21
|
| 130 |
0 |
|
|a Independent review (Oakland, Calif. : Online)
|
| 210 |
0 |
|
|a Indep. rev.
|b (Oakl. Calif. Online)
|
| 222 |
|
4 |
|a The independent review
|b (Oakland, Calif. Online)
|
| 245 |
1 |
4 |
|a The independent review
|h [electronic resource].
|
| 260 |
|
|
|a Oakland, Calif. :
|b Independent Institute
|
| 310 |
|
|
|a Quarterly
|
| 362 |
1 |
|
|a Print began with vol. 1, no. 1 (spring 1996).
|
| 506 |
|
|
|a License restrictions may limit access.
|
| 538 |
|
|
|a Mode of access: World Wide Web.
|
| 588 |
|
|
|a Description based on: Vol. 1, no. 1 (summer 1996); title from cover image (Independent.org, viewed Aug. 20, 2012).
|
| 588 |
|
|
|a Latest issue consulted: Vol. 19, no. 2 (fall 2014) (viewed March 25, 2016).
|
| 650 |
|
0 |
|a Social sciences
|v Periodicals.
|
| 650 |
|
0 |
|a Political science
|v Periodicals.
|
| 650 |
|
0 |
|a Economics
|v Periodicals.
|
| 650 |
|
7 |
|a Economics.
|2 fast
|0 (OCoLC)fst00902116
|
| 650 |
|
7 |
|a Political science.
|2 fast
|0 (OCoLC)fst01069781
|
| 650 |
|
7 |
|a Social sciences.
|2 fast
|0 (OCoLC)fst01122877
|
| 655 |
|
0 |
|a Electronic journals.
|
| 710 |
2 |
|
|a Independent Institute (Oakland, Calif.)
|
| 776 |
0 |
8 |
|i Print version:
|t Independent review (Oakland, Calif.)
|x 1086-1653
|w (DLC) 96652948
|w (OCoLC)33958358
|
| 856 |
4 |
0 |
|z Full text available from Research Library: 07/01/2005 to present
|u https://search.proquest.com/publication/32833
|